00910nam a2200241 a 4500001001000000003000500010005001700015008004100032010001100073011001100084040000900095100003200104245016300136260004100299500006000340502008500400650001500485650002400500650002400524650002600548650002400574856007000598000111103CHAP20220329144158.0141203s2014 mx fsm |||||||spa d a107565 a108537 cCHAP1 aIbarra Sánchez, Alejandro10aEndogamia y predicción de sintéticos derivados de mezclas de líneas, cruzas dobles, trilineales y simplesh[En línea]cpor Alejandro Ibarra Sánchez. aChapingo, Méx. :bEl autor,c2014. aPara ver el contenido del material haga clic en la liga aTesis (Agrónomo en Horticultura Protegida) -- UACH. Departamento de Fitotecnia14aEndogamia.14aMaízxGenética.14aMaízxHíbridos.14aMaízxMejoramiento.14aMaízxVariedades. aFinding aiduhttp://10.13.5.2/tesis/sist111103.pdfzTeclea aquí